| 000 | 00000nam##2200000za#4500 |
| 001 | 9.662150 |
| 003 | CaOODSP |
| 005 | 20210924135630 |
| 007 | ta |
| 008 | 150407|2000||||xxc||||| f|0| 0 fre|d |
| 020 | |a0-662-65224-X |
| 040 | |aCaOODSP|bfre |
| 041 | |aeng |
| 041 | |afre |
| 043 | |an-cn--- |
| 086 | 1 |aRG52-34/2000 |
| 110 | 1 |aCanada. |bBureau de la concurrence. |
| 245 | 10|aPropriété intellectuelle: lignes directrices pour l'application de la loi |
| 260 | |aOttawa - Ontario : |bIndustrie Canada. |c2000. |
| 300 | |aTexte français, v, 31p. ; |c28 cm. |
| 500 | |a«La publication des présentes lignes directrices permet au Bureau d'expliquer clairement comment il traite les relations entre la politique de concurrence et les droits de propriété; intellectuelle. Ce document décrit comment le Bureau déterminera si un comportement donne en matière de propriété; intellectuelle pose un problème par rapport à; la Loi sur la concurrence-Préface» |
| 546 | |aBilingue |
| 563 | |aCouverture souple |
| 590 | |a00-42|b2000-10-20 |
| 691 | 07|aPropriété intellectuelle|2gcpds |
| 691 | 07|aConcurrence|2gcpds |
| 691 | 07|aDroit|2gcpds |
| 776 | 0#|tPropriété intellectuelle, lignes directrices pour l'application de la loi |w(CaOODSP)9.642033 |
| 776 | 0#|tIntellectual property enforcement guidelines |w(CaOODSP)9.698037 |
| 791 | |tIntellectual property enforcement guidelines |eeng|w(CaOODSP)9.662149 |
| 986 | |a53211B |